La seguridad en los museos (Record no. 10993)

MARC details
000 -CABECERA
campo de control de longitud fija 01138nam a22002897a 4500
001 - NÚMERO DE CONTROL
campo de control BRCA_9371
003 - IDENTIFICADOR DEL NÚMERO DE CONTROL
campo de control FranzMayer
005 - FECHA Y HORA DE LA ÚLTIMA TRANSACCIÓN
campo de control 20230918123621.0
008 - DATOS DE LONGITUD FIJA--INFORMACIÓN GENERAL
campo de control de longitud fija 230830b |||||||| |||| 00| 0 eng d
020 ## - NÚMERO INTERNACIONAL ESTÁNDAR DEL LIBRO
Número Internacional Estándar del Libro 8474831369
040 ## - FUENTE DE LA CATALOGACIÓN
Centro catalogador/agencia de origen MFM
Lengua de catalogación español
Centro/agencia transcriptor MFM
050 #0 - SIGNATURA TOPOGRÁFICA DE LA BIBLIOTECA DEL CONGRESO
Número de clasificación AM148
Número de documento/Ítem T55 1997
100 1# - ENTRADA PRINCIPAL--NOMBRE DE PERSONA
Código de función/relación Responsable
Nombre de persona Tillotson, Robert G.
9 (RLIN) 29384
240 ## - TÍTULO UNIFORME
Título uniforme La seguridad en los museos
Lenguaje de la obra Español
245 0# - MENCIÓN DE TÍTULO
Título La seguridad en los museos
260 ## - PUBLICACIÓN, DISTRIBUCIÓN, ETC.
Lugar de publicación, distribución, etc. Sevilla, España
Nombre del editor, distribuidor, etc. Ministerio de cultura
Fecha de publicación, distribución, etc. 1997
300 ## - DESCRIPCIÓN FÍSICA
Extensión 198 p
Otras características físicas Ilustraciones
Dimensiones 25 cm
500 ## - NOTA GENERAL
Nota general Anexo 1
500 ## - NOTA GENERAL
Nota general El libro contiene dos anotaciones en la primer página, una dedicatoria y otra nota sobre el autor.
500 ## - NOTA GENERAL
Nota general Algunas páginas del libro se están desprendiendo
505 ## - NOTA DE CONTENIDO CON FORMATO
Nota de contenido con formato Texto en: españolTraducido del: francésIncluye índice temáticoIncluye bibliografíaDirigido a: museógrafos o personas que trabajen en museos
650 1# - PUNTO DE ACCESO ADICIONAL DE MATERIA--TÉRMINO DE MATERIA
Fuente del encabezamiento o término Museos
Término de materia o nombre geográfico como elemento de entrada Manuales
Subdivisión de forma Medidas de seguridad
9 (RLIN) 29385
700 1# - PUNTO DE ACCESO ADICIONAL--NOMBRE DE PERSONA
Código de función/relación Edi
Nombre de persona Menkes, Diana D.
9 (RLIN) 29386
700 1# - PUNTO DE ACCESO ADICIONAL--NOMBRE DE PERSONA
Código de función/relación Fot.
Nombre de persona Latoba, José
9 (RLIN) 29387
700 1# - PUNTO DE ACCESO ADICIONAL--NOMBRE DE PERSONA
Código de función/relación Fot.
Nombre de persona Otero, Miguel Angel
9 (RLIN) 29388
942 ## - ELEMENTOS DE PUNTO DE ACCESO ADICIONAL (KOHA)
Fuente del sistema de clasificación o colocación Library of Congress Classification
Tipo de ítem Koha Libros
Holdings
Estado de retiro Estado de pérdida Fuente del sistema de clasificación o colocación Estado dañado No para préstamo Código de colección Localización permanente Ubicación/localización actual Fecha de adquisición Total de préstamos Signatura topográfica completa Código de barras Fecha visto por última vez Precio válido a partir de Tipo de ítem Koha
El ejemplar forma parte de la colección y puede ser consultado según las políticas vigentes.   Library of Congress Classification     Fondo Contemporáneo Biblioteca del Museo Franz Mayer (Rogerio Casas-Alatriste) Biblioteca del Museo Franz Mayer (Rogerio Casas-Alatriste) 30/08/2023   AM148 T55 1997 CONT10139 30/08/2023 30/08/2023 Libros